| Tag |
First Indicator |
Second Indicator |
Subfields |
| LEADER |
00000cam a2200000 4500 |
| 001 |
in00000453032 |
| 005 |
20151012085609.0 |
| 008 |
750327s1966 nyu b 00000 eng u |
| 010 |
|
|
|a 66024218
|
| 035 |
|
|
|a (OCoLC)01241234
|
| 035 |
|
|
|9 ABY3215AM
|
| 040 |
|
|
|c TOL
|d TXA
|d UtOrBLW
|
| 049 |
|
|
|a TXAM
|c [466182]
|
| 050 |
|
0 |
|a QC721
|b .M36
|
| 082 |
0 |
|
|a 548.8
|
| 092 |
|
|
|a 548.8
|b M274s, 1966
|
| 100 |
1 |
|
|a Manenkov, A. A.
|
| 245 |
1 |
0 |
|a Spin-lattice relaxation in ionic solids /
|c edited by A. A. Manenkov & R. Orbach.
|
| 264 |
|
1 |
|a New York :
|b Harper & Row,
|c [1966]
|
| 264 |
|
4 |
|c [©1966]
|
| 300 |
|
|
|a xvii, 453 pages :
|b illustrations ;
|c 27 cm.
|
| 336 |
|
|
|a text
|b txt
|2 rdacontent
|
| 337 |
|
|
|a unmediated
|b n
|2 rdamedia
|
| 338 |
|
|
|a volume
|b nc
|2 rdacarrier
|
| 490 |
1 |
|
|a Harper's physics series
|
| 504 |
|
|
|a Includes bibliographies.
|
| 650 |
|
0 |
|a Spin-lattice relaxation.
|
| 650 |
|
0 |
|a Ionic crystals.
|
| 700 |
1 |
|
|a Orbach, R.
|
| 830 |
|
0 |
|a Harper's physics series.
|
| 999 |
|
|
|a MARS
|
| 999 |
f |
f |
|s ca79421f-5a6a-34ea-94fe-52f819d91ce0
|i 5f3ae7ea-11b1-3706-8d9e-23995be80788
|t 0
|
| 952 |
f |
f |
|p normal
|a Texas A&M University
|b College Station
|c Sterling C. Evans Library
|d Evans: Library Stacks
|t 0
|e QC721 .M36
|h Library of Congress classification
|i unmediated -- volume
|m A14800946978
|
| 998 |
f |
f |
|a QC721 .M36
|t 0
|l Evans: Library Stacks
|